000
00338 a2200157 4500
001
183374
020
_a
85-16-03101-2
040
_c
Magnum
100
_a
Zatz, Lia
240
1
0
_a
Era uma vez uma bruxa
_l
por
245
1
0
_a
Era uma vez uma bruxa
300
_a
47
362
0
_a
2009
697
_a
LITERATURA INFANTO-JUVENIL
942
_c
BK
999
_c
183374
_d
183374